000 01966cam a2200361 a 4500
999 _c127801
_d127801
001 14901777
003 ARRUPE
005 20180326121832.0
008 070625s2007 dcua b i001 0 eng
010 _a 2007026343
020 _a9780821371978
020 _a0821371975
020 _a9780821371985 (electronic)
020 _a0821371983 (electronic)
035 _a(OCoLC)ocn153597857
035 _a(OCoLC)153597857
040 _aDLC
_cDLC
_dBAKER
_dBTCTA
_dYDXCP
_dC#P
_dBWX
_dSZR
_dDLC
043 _aa-ii---
050 0 0 _aHC435.3
_b.U55 2007
082 0 0 _a338.954/07
_222
245 0 0 _aUnleashing India's innovation :
_btoward sustainable and inclusive growth /
_cMark A. Dutz, editor.
260 _aWashington D.C. :
_bWorld Bank,
_cc2007.
300 _axviii, 205 p. :
_bill.
_c26 cm.
504 _aIncludes bibliographical references (p. 193-196) and index.
505 0 _aOverview: Toward an action agenda for innovation / Mark A. Dutz -- The Indian context and enabling environment / Mark A. Dutz and Carl Dahlman -- Creating and commercializing knowledge / Carl Dahlman,Mark A. Dutz, and Vinod K. Goel -- Diffusing and absorbing knowledge / Vinod K. Goel, Carl Dahlman, and Mark A. Dutz -- Promoting inclusive innovation / -- Strengthening skills and education for innovation -- Upgrading information infrastructure -- Enhancing innovation finance.
650 0 _aSustainable development
_zIndia.
_941063
651 0 _aIndia
_xEconomic policy
_y1991-
_941064
651 0 _aIndia
_xEconomic conditions
_y1991-
_941065
700 1 _aDutz, Mark Andrew.
_941066
710 2 _aWorld Bank.
_910370
856 4 1 _3Table of contents only
_uhttp://www.loc.gov/catdir/toc/ecip0721/2007026343.html
906 _a7
_bcbc
_corignew
_d1
_eecip
_f20
_gy-gencatlg
942 _2lcc
_cMONOGRAPH